[Event "Reykjavik"]
[Site "Reykjavik"]
[Date "1989.??.??"]
[Round "?"]
[White "Bjarnason, Saevar"]
[Black "Thorhallsson, Throstur"]
[Result "0-1"]
[WhiteElo "2335"]
[BlackElo "2415"]

1.Nf3 d5 2.g3 Nf6 3.Bg2 c6 4.O-O Bf5 5.d3 Nbd7 6.Nbd2 e5 7.e4 dxe4 8.dxe4 Nxe4
9.Re1 Nxd2 10.Nxe5 Nxe5 11.Rxe5+ Be6 12.Bxd2 Bd6 13.Re3 Bc5 14.Rd3 Qf6 15.Qe1 O-O
16.Bc3 Qf5 17.Rf3 Qh5 18.Rf4 Rad8 19.Rh4 Qg5 20.Qe2 Rfe8 21.Re1 Be7 22.Ra4 a6
23.Be4 Qh6 24.Ra5 b5 25.Rxa6 b4 26.Be5 Rd2 27.Qe3 Qxe3 28.fxe3 Bd5 29.Bxd5 Rxd5
30.Bc7 Rc8 31.Rxc6 Rd7 32.c3 bxc3 33.Rxc3 Rdxc7 34.Rxc7 Rxc7 35.Re2 Rc1+
36.Kf2 Ra1 37.b3 f5 38.Kf3 Rf1+ 39.Kg2 Rd1 40.e4 fxe4 41.Rxe4 Rd2+ 42.Kf3 Kf7
43.Re2 Rd1 44.Rc2 Ke6 45.Re2+ Kf6 46.Rc2 Kf5 47.Rc7 Ke6 48.Rc2 Bd6 49.Ke2 Rh1
50.Kf3 h5 51.a4 Rb1 52.Rc3 Bb4 53.Re3+ Kd5 54.h4 Bc5 55.Rd3+ Ke5 56.Kg2 Bd4
57.Rf3 g6 58.a5 Ra1 59.Kh3 Rh1+ 60.Kg2 Ra1 61.Kh3 Rxa5 62.g4 Ke4 63.Rf7 Rb5
64.gxh5 gxh5 65.Rh7 Rxb3+ 66.Kg2 Rb2+ 67.Kh3  0-1

[Event "Reykjavik"]
[Site "Reykjavik"]
[Date "1989.??.??"]
[Round "?"]
[White "Bjarnason, Saevar"]
[Black "Sigfusson, Sigurdur"]
[Result "1-0"]
[WhiteElo "2335"]
[BlackElo "2310"]

1.Nf3 d5 2.g3 Nf6 3.Bg2 c5 4.O-O Nc6 5.c4 e5 6.cxd5 Nxd5 7.d3 Be7 8.Nc3 Nc7
9.Be3 O-O 10.a3 f5 11.Rc1 f4 12.Bd2 Qe8 13.Ne4 Ne6 14.e3 Qh5 15.Bc3 Qf5 16.b4 cxb4
17.axb4 a6 18.Qb3 Rd8 19.b5 axb5 20.Qxb5 Nc7 21.Qb3+ Nd5 22.Bb2 Be6 23.Qb5 Rd7
24.Nc5 Bxc5 25.e4 Qf8 26.Qxc5 Qxc5 27.Rxc5 Ndb4 28.Nxe5 Nxe5 29.Rxe5 Nxd3
30.Rxe6 Nxb2 31.gxf4 Nd3 32.f5 Nf4 33.Rb6 Re7 34.Bf3 Ra3 35.Bd1 Nd3 36.Rb5 Rxe4
37.Rxb7 Nc5 38.Rc7 Rc3 39.Bh5 g6 40.Rd1 Rd3 41.Ra1 Rd8 42.Bf3 Re5 43.Raa7 Rxf5
44.Rg7+ Kf8 45.Rxh7 Kg8 46.Bg4 Rf6 47.Rhe7 Rd4 48.h3 Re4 49.Rg7+ Kf8 50.Rh7 Kg8
51.Rhg7+ Kf8 52.Rgc7 Nd3 53.f3 Re1+ 54.Kg2 Re2+ 55.Kg3 Re5 56.Rh7 Kg8 57.Rhd7 Nc5
58.Rg7+ Kf8 59.Rh7 Kg8 60.Rag7+ Kf8 61.Rc7 Kg8 62.Ra7 Nd3 63.Rhd7 Nc5 64.Rdc7 Nd3
65.Ra3 Nc5 66.Ra8+ Rf8 67.Raa7 Rf6 68.h4 Nd3 69.Ra3 Nc5 70.Ra8+ Rf8 71.Raa7 Rf6
72.Rc8+ Rf8 73.Rc6 g5 74.Rg6+ Kh8 75.hxg5 Re1 76.Rh6+ Kg8 77.Rhh7 Rfe8 78.Bf5 Rg1+
79.Kf4 Rb8 80.Rag7+ Kf8  1-0

[Event "Sevilla op"]
[Site "Sevilla"]
[Date "1989.??.??"]
[Round "?"]
[White "Dunnington, Angus J"]
[Black "Campos Moreno, Javier B"]
[Result "1/2-1/2"]
[WhiteElo "2280"]
[BlackElo "2430"]

1.Nf3 d5 2.g3 c5 3.Bg2 Nc6 4.d4 Nf6 5.O-O e6 6.c4 Be7 7.cxd5 exd5 8.Nc3 O-O
9.Bg5 cxd4 10.Nxd4 h6 11.Be3 Re8 12.Qa4 Bd7 13.Qb3 a5 14.Nxd5 Nxd4 15.Bxd4 Bc6
16.Nxe7+ Qxe7 17.Bxf6 Qxf6 18.e3 a4 19.Qc3 Qxc3 20.bxc3 Rec8 21.Rfc1 Bxg2
22.Kxg2 Rc7 23.Rab1 Rac8 24.Rb4 Rxc3 25.Rxc3 Rxc3 26.Rxa4 b5 27.Rb4 Rc2 28.Rxb5 Rxa2
29.h4 g6 30.h5 g5 31.g4 Kg7 32.Kg3 Rc2 33.f4 gxf4+ 34.Kxf4 Rf2+ 35.Kg3 Rf1
36.Rf5 Rg1+ 37.Kf4 Rf1+ 38.Ke5 Rg1 39.Rf4 Ra1 40.Ke4 Rg1 41.Kf5 Ra1 42.Rf3 Rb1
43.Rg3 Rb3 44.Kf4 Kf6 45.e4 Rb1 46.Rf3 Rg1 47.Rf2 Re1  1/2-1/2

[Event "POL-ch"]
[Site "Slupsk"]
[Date "1989.??.??"]
[Round "10"]
[White "Zolnierowicz, Krzysztof"]
[Black "Cichocki, Adam"]
[Result "0-1"]
[WhiteElo "2405"]
[BlackElo "2320"]

1.Nf3 d5 2.g3 c6 3.Bg2 Bg4 4.O-O Nd7 5.b3 e5 6.d3 Ngf6 7.Bb2 Bd6 8.Nbd2 O-O
9.h3 Bh5 10.e4 Re8 11.Qe2 b5 12.a4 a6 13.Rfe1 d4 14.g4 Bg6 15.Nh4 Nf8 16.Nf5 Ne6
17.Nf1 Nf4 18.Qf3 Bxf5 19.exf5 N6d5 20.Ng3 Nxg2 21.Kxg2 Nf4+ 22.Kh2 e4 23.Rxe4 Rxe4
24.dxe4 Qh4 25.Bc1 Nxh3 26.Kg2 Rd8 27.axb5 axb5 28.Ra6 h5 29.gxh5 Bf4 30.Ra1 d3
31.Be3 dxc2 32.Qe2 Bxe3 33.fxe3 Ng5  0-1

[Event "POL-ch"]
[Site "Slupsk"]
[Date "1989.??.??"]
[Round "12"]
[White "Wojtkiewicz, Aleksander"]
[Black "Cichocki, Adam"]
[Result "1/2-1/2"]
[WhiteElo "2460"]
[BlackElo "2320"]

1.Nf3 d5 2.g3 c6 3.Bg2 Bg4 4.c4 e6 5.b3 Nd7 6.Bb2 Ngf6 7.O-O Be7 8.d3 O-O
9.Nbd2 a5 10.a3 Qb6 11.Qc2 Rfd8 12.Bc3 Ne8 13.Qb2 Bf6 14.d4 a4 15.b4 Qa6
16.Qa2 Nd6 17.b5 Qa7 18.bxc6 bxc6 19.Ne5 Bxe5 20.dxe5 Nb7 21.cxd5 cxd5 22.e3 Rac8
23.Bd4 Qa6 24.Rfc1 Na5 25.Rab1 Bf5 26.Ra1 h6 27.f4 Qb7 28.Qb2 Qxb2 29.Bxb2 Nc5
30.Bd4 Ncb3 31.Rxc8 Rxc8 32.Ra2 Rc1+ 33.Kf2  1/2-1/2

[Event "POL-ch"]
[Site "Slupsk"]
[Date "1989.??.??"]
[Round "14"]
[White "Wojtkiewicz, Aleksander"]
[Black "Sapis, Witalis"]
[Result "1/2-1/2"]
[WhiteElo "2460"]
[BlackElo "2395"]

1.Nf3 d5 2.g3 Nf6 3.Bg2 Bf5 4.O-O e6 5.c4 c6 6.b3 a5 7.a3 h6 8.d3 Be7 9.Bb2 O-O
10.Nbd2 Bh7 11.Ra2 Nbd7 12.Qa1 b5 13.cxb5 cxb5 14.Ne5 Nxe5 15.Bxe5 Qd7 16.Rc1  1/2-1/2

[Event "Sochi-B"]
[Site "Sochi"]
[Date "1989.??.??"]
[Round "?"]
[White "Tunik, Gennady"]
[Black "Sherbakov, Ruslan"]
[Result "1/2-1/2"]
[WhiteElo "2470"]
[BlackElo "2360"]

1.Nf3 d5 2.g3 c6 3.Bg2 Bg4 4.d3 Nd7 5.h3 Bxf3 6.exf3 g6 7.O-O Bg7 8.f4 e6
9.Nd2 Ne7 10.Nf3 O-O 11.Rb1 Nf5 12.b3 Qb6 13.Kh2 Rad8 14.Bb2 d4 15.Re1 Qc7
16.Qe2 Nb6 17.Ne5 Nd5 18.Ra1 h5 19.Qe4 c5 20.a4 Rfe8 21.Bc1 f6 22.Nc4 Kh7
23.Bd2 b6 24.Qe2 Nd6 25.Qf3 f5 26.Re2 Nf7 27.Rae1 Qd7 28.Bf1 a6 29.a5 b5
30.Nb6 Nxb6 31.axb6 Rb8 32.Ba5 Nd8 33.Bg2 b4 34.b7 Nxb7 35.Bb6 Re7 36.Qc6 Qxc6
37.Bxc6 Nd8 38.Bxd8 Rxd8 39.Rxe6 Rxe6 40.Rxe6 Rf8 41.Bd5 Rd8 42.Bc4 Rd7 43.Rxa6 Bf8
44.Kg2 Kg7 45.Kf3 Be7 46.g4 hxg4+ 47.hxg4 fxg4+ 48.Kxg4 Rd6 49.Ra7 Kf6 50.Rc7 Rd8
51.Rc6+ Bd6 52.Ra6 Ke7 53.Ra1 Rf8 54.Re1+ Kd8 55.Re4 Rf6 56.f3 Kd7 57.Bb5+ Kc7
58.Kg5 Rf5+ 59.Kxg6 Rxf4 60.Rxf4 Bxf4 61.Kf5 Bg3 62.Ke6 Bh2 63.Ba4 Bg3 64.Kd5 Kb6
65.Be8 Bh2 66.Bh5 Bg3 67.Ke6 Kc7 68.Kf5 Kd6 69.f4 Bh2 70.Bf3 Bg3 71.Kg5 Ke7  1/2-1/2

[Event "BUL-ch"]
[Site "Sofia"]
[Date "1989.??.??"]
[Round "?"]
[White "Danailov, Silvio"]
[Black "Popov, Petar"]
[Result "1/2-1/2"]
[WhiteElo "2385"]
[BlackElo "2375"]

1.Nf3 d5 2.g3 Nf6 3.Bg2 e6 4.O-O Be7 5.c4 O-O 6.d4 Nbd7 7.Qc2 c6 8.Bf4 Nh5
9.Bc1 Nhf6 10.Bf4 Nh5 11.Bc1 Nhf6 12.Bf4  1/2-1/2

[Event "BUL-ch"]
[Site "Sofia"]
[Date "1989.??.??"]
[Round "?"]
[White "Lukov, Valentin"]
[Black "Popov, Petar"]
[Result "1-0"]
[WhiteElo "2470"]
[BlackElo "2375"]

1.Nf3 d5 2.g3 Nf6 3.Bg2 e6 4.O-O Be7 5.c4 O-O 6.d4 Nbd7 7.Qc2 c6 8.Nbd2 b6
9.e4 Ba6 10.b3 Rc8 11.Bb2 c5 12.exd5 exd5 13.Qf5 b5 14.cxb5 Bxb5 15.Rfc1 g6
16.Qc2 Ba6 17.Ne5 Bd6 18.Qd1 cxd4 19.Nxd7 Nxd7 20.Rxc8 Bxc8 21.Nf3 Qb6 22.Qxd4 Qxd4
23.Bxd4 a6 24.Rc1 Bb7 25.Bh3 Rd8 26.Ne1 Nf8 27.Nd3 Ne6 28.Bf6 Re8 29.Bg2 Be7
30.Bxe7 Rxe7 31.Nb4 Rd7 32.f4 f6 33.Re1 Kf7 34.Bh3 Rd6 35.Kf2 Nc5 36.Bg2 a5
37.Rc1 Ne4+ 38.Bxe4 dxe4 39.Rc7+ Kg8 40.Rxb7 axb4 41.Ke3 Ra6 42.Kxe4 Rxa2
43.Kd5 Rxh2 44.Ke6 Rg2 45.Kxf6 h5 46.Rg7+ Kh8 47.Rxg6 Kh7 48.f5 Rg1 49.Kf7 Rf1
50.f6 Ra1 51.Rg7+ Kh6 52.g4 Ra7+ 53.Ke6 Ra6+ 54.Kf5 Ra5+ 55.Kf4 hxg4 56.Rxg4 Ra6
57.Ke5 Ra5+ 58.Ke4 Ra7 59.Rf4 Kg6 60.f7 Rxf7 61.Rxf7 Kxf7 62.Kd5 Ke7 63.Kc5 Kd7
64.Kxb4  1-0

[Event "BUL-ch"]
[Site "Sofia"]
[Date "1989.??.??"]
[Round "2"]
[White "Ninov, Kiril"]
[Black "Lukov, Valentin"]
[Result "1/2-1/2"]
[WhiteElo "2490"]
[BlackElo "2470"]

1.Nf3 d5 2.g3 Bg4 3.Bg2 Nd7 4.c4 e6 5.cxd5 exd5 6.h3 Bh5 7.Nc3 c6 8.O-O Ngf6
9.d3 Bc5 10.Qb3 b5 11.e4 dxe4 12.dxe4 O-O 13.Bf4 Re8 14.Rad1 Bxf3 15.Bxf3 Qb6
16.Qc2 Ne5 17.Bg2 Nc4 18.b3 Na3 19.Qc1 Nh5 20.e5 Nxf4 21.gxf4 Bf8 22.Ne4 b4
23.Nd6 Re6 24.Qxc6 Qxc6 25.Bxc6 Rd8 26.Bd5 Rg6+ 27.Bg2 Bxd6 28.exd6 Rgxd6
29.Rxd6 Rxd6 30.Rc1 Kf8 31.Rc7 a6 32.Bf1 Rf6 33.Kg2 Nb1 34.Ra7 Nc3 35.Bxa6 Rxf4
36.Bc4 Ne4 37.Ra8+ Ke7 38.Ra7+ Kd6 39.f3 Nd2 40.Bxf7 Nxf3 41.Bc4 Nd2 42.Bd3 g5
43.Rxh7 Nf3 44.Be2 Nh4+ 45.Kg1 Nf5 46.Rb7 Nd4 47.Bg4 Ke5 48.Kg2 Nc2 49.Rb5+ Kf6
50.Rb6+ Ke5 51.Rb5+ Kf6 52.Rb6+ Ke5 53.Rg6 Ne3+ 54.Kg3 Nf1+ 55.Kg2 Ne3+ 56.Kg1 Rf1+
57.Kh2 Kf4 58.Rf6+ Ke4 59.Rxf1 Nxf1+ 60.Kg2 Ne3+ 61.Kg3 Nf1+ 62.Kf2 Ne3 63.Bh5 Kf4
64.Ke2  1/2-1/2

[Event "St Ingbert op"]
[Site "St Ingbert"]
[Date "1989.??.??"]
[Round "4"]
[White "Kirov, Nino"]
[Black "Simon, Ralf Axel"]
[Result "1-0"]
[WhiteElo "2460"]
[BlackElo "2300"]

1.Nf3 d5 2.g3 Nf6 3.Bg2 Nbd7 4.d4 b5 5.O-O e6 6.b3 Be7 7.Nbd2 O-O 8.c4 bxc4
9.bxc4 c6 10.Qa4 Qb6 11.Ba3 Bxa3 12.Qxa3 Qa6 13.Qc3 Bb7 14.c5 Rfb8 15.a4 Bc8
16.Rfe1 Qb7 17.Qa5 Ne8 18.Qd8 Kf8 19.e4 Qc7 20.Qh4 h6 21.g4 Qa5 22.Ra3 Rb2
23.Rae3 Rab8 24.Nf1 Ra2 25.Ng3 Qxa4 26.g5 hxg5 27.Qh8+ Ke7 28.Nf5+ exf5 29.exd5+ Kd8
30.d6 Ne5 31.Rxe5  1-0

[Event "St Ingbert op"]
[Site "St Ingbert"]
[Date "1989.??.??"]
[Round "5"]
[White "Szenetra, Werner"]
[Black "Legky, Nikolay A"]
[Result "1-0"]
[WhiteElo "2210"]
[BlackElo "2465"]

1.Nf3 d5 2.g3 c5 3.Bg2 Nc6 4.O-O e5 5.d3 Nf6 6.Nbd2 Be7 7.e4 O-O 8.Qe2 d4
9.a4 Be6 10.h3 Nd7 11.Nc4 a6 12.b3 b5 13.Nb2 Qc7 14.Ne1 Rae8 15.f4 exf4 16.gxf4 f5
17.Nf3 Kh8 18.Bd2 c4 19.axb5 axb5 20.bxc4 bxc4 21.exf5 Bg8 22.Nxc4 Bc5 23.Nce5 Ncxe5
24.Nxe5 Nxe5 25.fxe5 Rxe5 26.Be4 Bd6 27.Ra6 Rb5 28.Bg5 Rc5 29.Qg4 Bh2+ 30.Kh1 Be5
31.f6 gxf6 32.Bh6 Rb8 33.Ra8 Rxa8 34.Bxa8 f5 35.Rxf5 Qa7 36.Qxg8+  1-0

[Event "Stavanger op"]
[Site "Stavanger"]
[Date "1989.??.??"]
[Round "5"]
[White "Carlier, Bruno"]
[Black "Lauvsnes, Arild"]
[Result "1-0"]
[WhiteElo "2415"]
[BlackElo "2270"]

1.Nf3 d5 2.g3 c6 3.Bg2 f5 4.O-O Nf6 5.d4 e6 6.c4 Bd6 7.b3 Qe7 8.Qc2 O-O 9.Ne5 Bd7
10.Nd2 Be8 11.Ndf3 Nbd7 12.Nd3 Ne4 13.Bf4 g5 14.Bxd6 Nxd6 15.c5 Nf7 16.Qc3 g4
17.Nfe5 Ndxe5 18.dxe5 Ng5 19.f4 Nf7 20.a4 h5 21.e3 h4 22.Rfb1 Kh7 23.b4 a6
24.Ne1 Nh8 25.Nc2 Bd7 26.Nd4 Ra7 27.b5 axb5 28.axb5 Rfa8 29.Rxa7 Rxa7 30.bxc6 bxc6
31.Rb6 Qe8 32.Qb2 Qa8 33.Bf1 Ra2 34.Rb8 Rxb2 35.Rxa8 Rb7 36.Ba6 Rc7 37.Kf2 h3
38.Ke2 Ng6 39.Kd2 Kg7 40.Kc3 Kf7 41.Kb4 Ne7 42.Ka5 Nc8 43.Bxc8 Bxc8 44.Kb6 Rb7+
45.Kxc6 Rb2 46.Rxc8  1-0

[Event "SWE-ch"]
[Site "?"]
[Date "1989.??.??"]
[Round "?"]
[White "Renman, Nils Gustaf"]
[Black "Schneider, Lars Ake"]
[Result "1/2-1/2"]
[WhiteElo "2410"]
[BlackElo "2460"]

1.Nf3 d5 2.g3 e6 3.Bg2 Nf6 4.O-O Be7 5.d3 O-O 6.Nbd2 c5 7.e4 Nc6 8.Re1 b5
9.e5 Nd7 10.Nf1 a5 11.h4 a4 12.a3  1/2-1/2

[Event "SWE-FIN"]
[Site "?"]
[Date "1989.??.??"]
[Round "1"]
[White "Akesson, Ralf"]
[Black "Nokso Koivisto, A."]
[Result "0-1"]
[WhiteElo "2445"]
[BlackElo "2320"]

1.Nf3 d5 2.g3 Nf6 3.Bg2 e6 4.O-O Be7 5.d3 O-O 6.Nbd2 c5 7.e4 Kh8 8.Re1 Nc6
9.Qe2 a5 10.a4 Nb4 11.Nf1 dxe4 12.dxe4 b6 13.Ne5 Ba6 14.Nc4 Ra7 15.Nfe3 Rd7
16.b3 Nc6 17.f3 Ne8 18.Bb2 Nd6 19.Rad1 Nxc4 20.Rxd7 Qxd7 21.Nxc4 Nd4 22.Qd3 Rd8
23.Bxd4 cxd4 24.Bf1 Bxc4 25.Qxc4 Rc8 26.Qd3 Bb4 27.Rc1 Rc3 28.Qa6 Qd8 29.Bd3 h5
30.Rf1 Rc5 31.Qb7 Kg8 32.f4 Bd2 33.e5 g6 34.Qe4 Be3+ 35.Kg2 Qd5 36.Qxd5 Rxd5
37.Rd1 Kg7 38.Kf3 g5 39.Ke4 Rd8 40.Bc4 gxf4 41.gxf4 f5+ 42.exf6+ Kxf6 43.Rf1 Rg8
44.c3 Bg1 45.cxd4 Bxh2 46.Rh1 Rg2 47.Kf3 Rd2 48.Re1 Rxd4 49.Rxe6+ Kf5 50.Rxb6 Bxf4
51.Rb5+ Be5 52.Rxa5 h4 53.Ra6 Kg5 54.Be6 Rf4+ 55.Ke3 Rb4 56.Ra7 Kf6 57.Ra6  0-1

[Event "SWZ-ch int"]
[Site "?"]
[Date "1989.??.??"]
[Round "5"]
[White "Hug, Werner"]
[Black "Campora, Daniel H"]
[Result "1/2-1/2"]
[WhiteElo "2445"]
[BlackElo "2495"]

1.Nf3 d5 2.g3 Bg4 3.Bg2 Nd7 4.c4 e6 5.d4 c6 6.cxd5 exd5 7.O-O Ngf6 8.Qb3 Qb6
9.Qe3+ Be7 10.b3 Kf8 11.Qd3 Re8 12.Be3 Bh5 13.Ne5 Bg6 14.Nxg6+ hxg6 15.h3 Kg8
16.Nd2 Nf8  1/2-1/2

[Event "Tallinn"]
[Site "Tallinn"]
[Date "1989.??.??"]
[Round "7"]
[White "Gelfand, Boris"]
[Black "Oll, Lembit"]
[Result "1/2-1/2"]
[WhiteElo "2600"]
[BlackElo "2510"]

1.Nf3 d5 2.g3 Nf6 3.Bg2 g6 4.c4 c6 5.b3 Bg7 6.Bb2 O-O 7.O-O a5 8.d3 Na6 9.a3 Re8
10.Nbd2 Bg4 11.h3 Bxf3 12.Nxf3 Nd7 13.d4 dxc4 14.bxc4 e5 15.e3 e4 16.Nd2 f5
17.c5 Nf6 18.Nc4 Nd5 19.Rb1 a4 20.Qc2 Nac7 21.Ba1 Nb5 22.Rfc1 Bf8 23.Qa2 Kg7
24.Bf1 Ra7 25.Nb6 Nbc7 26.Bc4 Be7 27.Bc3 h5 28.Nxd5 Nxd5 29.Bxd5 Qxd5 30.Qxd5 cxd5
31.Rb6 Rd8 32.Rcb1 Rd7 33.Re6 Bd8 34.Rd6 Rxd6 35.cxd6 Kf7 36.Bb4  1/2-1/2

[Event "Tapolca"]
[Site "Tapolca"]
[Date "1989.??.??"]
[Round "?"]
[White "Nemeth, Zoltan"]
[Black "Kumric, D."]
[Result "1-0"]
[WhiteElo "2355"]
[BlackElo "2200"]

1.Nf3 d5 2.g3 Nf6 3.Bg2 g6 4.b3 Bg7 5.Bb2 O-O 6.O-O c5 7.d4 Ne4 8.Nbd2 Nc6
9.e3 Bg4 10.h3 Nxd2 11.Qxd2 Be6 12.Rfd1 cxd4 13.Nxd4 Bc8 14.Nxc6 bxc6 15.Bxg7 Kxg7
16.Qc3+ Kg8 17.Qxc6 Bf5 18.Rxd5 Qc8 19.Qxc8 Raxc8 20.c4 Rfd8 21.Rad1 Rxd5
22.Rxd5 Be6 23.Rd2 Rc7 24.f4 Kg7 25.Kf2 a5 26.h4 a4 27.Bd5 axb3 28.axb3 Bc8
29.Ke2 Kf6 30.Bf3 h5 31.e4 e6 32.e5+ Ke7 33.Ra2 Kd7 34.Kd3  1-0

[Event "Tapolca"]
[Site "Tapolca"]
[Date "1989.??.??"]
[Round "?"]
[White "Nemeth, Zoltan"]
[Black "Samovojska, Damir"]
[Result "1-0"]
[WhiteElo "2355"]
[BlackElo "2365"]

1.Nf3 d5 2.g3 Nf6 3.Bg2 g6 4.b3 Bg7 5.Bb2 O-O 6.c4 c6 7.O-O Nbd7 8.Qc2 Re8
9.Ne5 Qa5 10.Bc3 Qc5 11.d4 Qd6 12.Nd2 Nf8 13.e4 dxe4 14.Nxe4 Nxe4 15.Qxe4 Bf5
16.Qe3 Nd7 17.g4 Be6 18.f4 f6 19.c5 Qc7 20.Nxc6 Bxg4 21.Ba5 b6 22.Nxe7+ Kf8
23.cxb6 axb6 24.Bb4 Rad8 25.Nd5+  1-0

[Event "Tapolca"]
[Site "Tapolca"]
[Date "1989.??.??"]
[Round "?"]
[White "Nemeth, Zoltan"]
[Black "Payen, Arnaud"]
[Result "1-0"]
[WhiteElo "2355"]
[BlackElo "2240"]

1.Nf3 d5 2.g3 Nf6 3.Bg2 c6 4.b3 Bf5 5.Bb2 e6 6.d3 h6 7.Nbd2 Nbd7 8.O-O Be7
9.e4 dxe4 10.dxe4 Bh7 11.Qe2 O-O 12.e5 Nd5 13.Ne4 Qc7 14.c4 Nb4 15.a3 Na6
16.b4 c5 17.b5 Nab8 18.Rfd1 a6 19.a4 axb5 20.axb5 Rxa1 21.Bxa1 Rd8 22.Bc3 Nf8
23.Rxd8 Qxd8 24.Nfd2 Ng6 25.f4 Qc7 26.h4 Bf8 27.Qg4 Kh8 28.h5 Ne7 29.Nd6 Nf5
30.Nxb7 Nd7 31.Qf3 Nb6 32.Ba5 Nd4 33.Qa3 Qd7 34.Bxb6 Ne2+ 35.Kf2 Qxd2 36.Qe3 Qxe3+
37.Kxe3 Nxg3 38.Bxc5  1-0

[Event "Tapolca"]
[Site "Tapolca"]
[Date "1989.??.??"]
[Round "?"]
[White "Nemeth, Zoltan"]
[Black "Gyorkos, Lajos"]
[Result "1/2-1/2"]
[WhiteElo "2355"]
[BlackElo "2370"]

1.Nf3 d5 2.g3 g6 3.Bg2 Bg7 4.d4 Nf6 5.c4 dxc4 6.Na3 c3 7.bxc3 O-O 8.Rb1 c5
9.Ne5 Nd5 10.Qb3 Nb6 11.dxc5 Be6 12.c4 N6d7 13.Nd3 Na6 14.O-O Naxc5 15.Nxc5 Nxc5
16.Qb4  1/2-1/2

[Event "Tapolca"]
[Site "Tapolca"]
[Date "1989.??.??"]
[Round "?"]
[White "Busch, Klaus"]
[Black "Levasseur, Philippe"]
[Result "1-0"]
[WhiteElo "2255"]
[BlackElo "2240"]

1.Nf3 d5 2.g3 Nf6 3.c4 g6 4.Bg2 Bg7 5.cxd5 Nxd5 6.d4 O-O 7.O-O c6 8.Nc3 Re8
9.e4 Nxc3 10.bxc3 Nd7 11.Qb3 e5 12.Ba3 Qb6 13.Qc4 Qc7 14.Rad1 Nb6 15.Qb3 Be6
16.d5 cxd5 17.exd5 Bd7 18.d6 Qc4 19.Nd2 Qa6 20.Qb4 Bc6 21.Ne4 Nc4 22.Bc1 Qa4
23.d7 Red8 24.Qxa4 Bxa4 25.Nc5 Bxd1 26.Rxd1 Nb6 27.Bxb7 Rab8 28.Bc6 Bf8 29.Na6 Be7
30.Nxb8 Rxb8 31.Be3 f5 32.Bc5 Bd8 33.Bd6  1-0

[Event "Tapolca"]
[Site "Tapolca"]
[Date "1989.??.??"]
[Round "?"]
[White "Landenbergue, Claude"]
[Black "Nemeth, Zoltan"]
[Result "1-0"]
[WhiteElo "2350"]
[BlackElo "2355"]

1.Nf3 d5 2.g3 Nf6 3.Bg2 Bf5 4.c4 e6 5.d3 c6 6.cxd5 exd5 7.O-O Be7 8.Nc3 O-O
9.Nd4 Bd7 10.e4 c5 11.Nc2 d4 12.Ne2 Nc6 13.b4 Nxb4 14.Nxb4 cxb4 15.Nxd4 Bc5
16.Nb3 Ba4 17.Bb2 Bd4 18.Bxd4 Bxb3 19.Bxf6  1-0

[Event "URS-ch U26"]
[Site "Tbilisi"]
[Date "1989.??.??"]
[Round "?"]
[White "Shirov, Alexei"]
[Black "Giorgadze, Giorgi"]
[Result "1-0"]
[WhiteElo "2450"]
[BlackElo "2440"]

1.Nf3 d5 2.g3 Nf6 3.Bg2 c5 4.O-O Nc6 5.d3 g6 6.Nbd2 Bg7 7.e4 O-O 8.c3 dxe4
9.dxe4 h6 10.Qe2 Be6 11.Nc4 Rc8 12.Ne1 Qd7 13.f4 Rfd8 14.Ne3 Bg4 15.Nf3 Bh5
16.e5 Ne8 17.Qf2 Bxf3 18.Bxf3 e6 19.h4 h5 20.g4 hxg4 21.Bxg4 Ne7 22.h5 Nf5
23.hxg6 fxg6 24.Nxf5 exf5 25.Be2 Qf7 26.Be3 b6 27.Kh2 Nc7 28.Rg1 c4 29.Qf1 Nd5
30.Rg3 b5 31.Bd4 Bh6 32.Rh3 Qf8 33.Rh4 Bxf4+ 34.Kh1 Bg5 35.Rh2 Qg7 36.Qf3 Bf4
37.e6 Be5 38.Bxe5 Qxe5 39.Rg1 Ne7 40.Qh5 Qg7 41.Rxg6 Nxg6 42.Rg2 Rc7 43.Rxg6 Rf8
44.Rxg7+ Rxg7 45.Bf3 Rh7 46.Qxh7+ Kxh7 47.Bh5  1-0

[Event "Tel Aviv-A"]
[Site "Tel Aviv"]
[Date "1989.??.??"]
[Round "2"]
[White "Shvidler, Eliahu"]
[Black "Lev, Ronen"]
[Result "1/2-1/2"]
[WhiteElo "2410"]
[BlackElo "2415"]

1.Nf3 d5 2.g3 Nf6 3.c4 c6 4.Bg2 dxc4 5.Na3 Qd5 6.O-O g6 7.d3 cxd3 8.Ng5 Qd8
9.Qb3 e6 10.Rd1 Be7 11.Rxd3 Nbd7 12.e4 O-O 13.Qc2 Qc7 14.Nb5 Qb8 15.Nc3 Nc5
16.Rd1 e5 17.f4 Bg4 18.Rf1 h6 19.Nf3 Bxf3 20.Bxf3 Ne6 21.fxe5 Qxe5 22.Bxh6 Rfd8
23.Ne2 Ng5 24.Bxg5 Qxg5 25.Nf4 Qc5+ 26.Qxc5 Bxc5+ 27.Kh1 Bd4 28.Rae1 Be5
29.Re3 Nd7 30.Nd3 Bd4 31.Re2 Ne5 32.Nxe5 Bxe5 33.Rc2 Rd4 34.Rd1 Rad8 35.Rxd4 Rxd4
36.Kg2 a5 37.b3 a4 38.bxa4 Rxa4 39.Rd2 Kg7 40.Bd1 Rxe4 41.Rd7 Rd4 42.Rxd4 Bxd4
43.Kf3 f5 44.h4 Kf6 45.g4 Bc3 46.gxf5 gxf5 47.Ke3 Bb2 48.a4 Ke5 49.h5 Bc1+
50.Kd3 Kd5 51.Bb3+ Kd6 52.Bc4 b6 53.Ba6 Bh6 54.Bc8 f4 55.Bg4 Kd5 56.Bf3+ Kc5
57.Kc3 Bg7+ 58.Kb3 Bh6 59.Bg2 Bf8 60.Kc3 Kd6 61.Kc4 c5 62.Kb5 Ke5 63.Bf1 Kd4  1/2-1/2

[Event "Tel Aviv-A"]
[Site "Tel Aviv"]
[Date "1989.??.??"]
[Round "10"]
[White "Hickl, Joerg"]
[Black "Lev, Ronen"]
[Result "1/2-1/2"]
[WhiteElo "2500"]
[BlackElo "2415"]

1.Nf3 d5 2.g3 Nf6 3.Bg2 c6 4.d3 Bg4 5.h3 Bxf3 6.Bxf3 e5 7.O-O Qd7 8.Bg2 h5
9.c4 h4 10.g4 dxc4 11.dxc4 Bc5 12.e3 Qe7 13.Nd2 Nbd7 14.Qc2 a5 15.b3 O-O
16.Bb2 Rfe8 17.Rad1 Nf8 18.Qf5 N6h7 19.Nf3 e4 20.Nd2 Ng5 21.Nxe4 Nxe4 22.Bxe4 Qxe4
23.Qxc5 Qf3 24.Qg5 Ne6 25.Qxh4 Rad8 26.Rxd8 Rxd8 27.Bc3 a4 28.bxa4 Qe4 29.Bd4 Rxd4
30.exd4 Nxd4 31.Qd8+ Kh7 32.Qh4+ Kg8 33.Qd8+ Kh7  1/2-1/2

[Event "Toronto"]
[Site "Toronto"]
[Date "1989.??.??"]
[Round "10"]
[White "Norwood, David"]
[Black "Dlugy, Maxim"]
[Result "1-0"]
[WhiteElo "2430"]
[BlackElo "2570"]

1.Nf3 d5 2.g3 Bg4 3.Bg2 c6 4.O-O e6 5.d4 Nf6 6.Nbd2 Nbd7 7.c3 Bd6 8.Re1 O-O
9.e4 dxe4 10.Nxe4 Nxe4 11.Rxe4 Bh5 12.Qb3 Qc7 13.Bf4 Bxf4 14.Rxf4 a5 15.a4 Rab8
16.Re1 Bxf3 17.Bxf3 b5 18.axb5 cxb5 19.Qc2 Rbc8 20.d5 e5 21.Rh4 g6 22.Qd2 Qd6
23.Bd1 f5 24.Bb3 Rfe8 25.Ra1 Ra8 26.c4 Reb8 27.Qh6 Nf8 28.c5 Qxc5 29.Rc1 Qxc1+
30.Qxc1 a4 31.Ba2 b4 32.Bc4 Rb6 33.d6+ Kh8 34.Qe3 Nd7 35.Qh6 Nf8 36.Qg5 Rxd6
37.Qe7 Rd7 38.Qxe5+ Rg7 39.Rd4 a3 40.bxa3 bxa3 41.Ba2 h5  1-0

[Event "Tirnavia-B"]
[Site "Trnava"]
[Date "1989.??.??"]
[Round "6"]
[White "Savon, Vladimir A"]
[Black "Cvetkovic, Srdjan"]
[Result "1/2-1/2"]
[WhiteElo "2425"]
[BlackElo "2460"]

1.Nf3 d5 2.g3 Nf6 3.Bg2 e6 4.O-O Be7 5.d3 b6 6.e4 dxe4 7.Ng5 Bb7 8.Nc3 Nbd7
9.Ncxe4 Rb8 10.d4 Nxe4 11.Nxe4 Nf6 12.Qd3 Bxe4 13.Bxe4 Nxe4 14.Qxe4  1/2-1/2

[Event "Tuzla"]
[Site "Tuzla"]
[Date "1989.??.??"]
[Round "3"]
[White "Ivanov, Sergey"]
[Black "Vasiljevic, Bozidar"]
[Result "1/2-1/2"]
[WhiteElo "2465"]
[BlackElo "2225"]

1.Nf3 d5 2.g3 Nf6 3.Bg2 e6 4.O-O Be7 5.d3 O-O 6.Nbd2 b6 7.e4 Bb7 8.e5 Nfd7
9.d4 c5 10.c3 Nc6 11.Re1 b5 12.h4 b4 13.Nf1 Rc8 14.cxb4 Nxb4 15.a3 Nc6 16.dxc5 Nxc5
17.b4 Ne4 18.N1d2 Nxd2 19.Qxd2 Qc7 20.Bb2 Ba6 21.Nd4 Nxd4 22.Bxd4 Bc4  1/2-1/2

[Event "Val Thorens"]
[Site "Val Thorens"]
[Date "1989.??.??"]
[Round "5"]
[White "Ruf, Matthias"]
[Black "Trabert, Bettina"]
[Result "1/2-1/2"]
[WhiteElo "2330"]
[BlackElo "2200"]

1.Nf3 d5 2.g3 c6 3.Bg2 Bg4 4.d4 Nd7 5.Nbd2 Ngf6 6.O-O e6 7.Qe1 Bd6 8.e4 dxe4
9.Ng5 O-O 10.Ngxe4 Bc7 11.Nc4 Nxe4 12.Qxe4 Bf5 13.Qe2 Qf6 14.Be3 Qg6 15.Rac1 h5
16.f4 h4 17.gxh4 Nf6 18.Ne5 Qh7 19.Bf2 Rad8 20.Rfd1 Nh5 21.Be3 f6 22.Nd3 Bxd3
23.Rxd3  1/2-1/2

[Event "Vinkovci"]
[Site "Vinkovci"]
[Date "1989.??.??"]
[Round "?"]
[White "Strikovic, Aleksa"]
[Black "Klaric, Zlatko"]
[Result "1-0"]
[WhiteElo "2470"]
[BlackElo "2445"]

1.Nf3 d5 2.g3 g6 3.Bg2 Bg7 4.O-O e5 5.d3 Ne7 6.e4 dxe4 7.dxe4 O-O 8.Qe2 b6
9.Rd1 Ba6 10.c4 Qc8 11.b4 Rd8 12.Rxd8+ Qxd8 13.Bb2 Qd6 14.b5 Bc8 15.Ba3 c5
16.Nc3 Bg4 17.Rd1 Qc7 18.Qd3 Nd7 19.h3 Be6 20.Ng5 Nf8 21.Nd5 Qd8 22.f4 Bxd5
23.cxd5 Qd6 24.Nf3 exf4 25.gxf4 Rd8 26.Bc1 Ne6 27.Qe3 Qd7 28.Rd2 Nd4 29.a4 f5
30.Ne5 Bxe5 31.fxe5 fxe4 32.d6 Nef5 33.Qxe4 Re8 34.Bb2 Qe6 35.Bxd4 cxd4 36.Qd5 Qxd5
37.Bxd5+ Kf8 38.Rc2 d3 39.Rc7 Nxd6 40.exd6 Re1+ 41.Kf2 d2 42.Bb3 d1=Q 43.Bxd1 Rxd1
44.Rxh7 Rxd6 45.Rxa7 Ke8 46.Ke3 Kd8 47.Rg7 Kc8 48.h4 Rf6 49.Ke4 Kb8 50.Re7 Rf1
51.Re6 Rh1 52.Rxb6+ Ka7 53.Ra6+ Kb7 54.Kd5 Rxh4 55.Kc5 Rf4 56.Rxg6 Rxa4 57.Rg7+ Kc8
58.Kb6 Rb4 59.Rg8+ Kd7 60.Rb8 Rb1 61.Ka7 Rb2 62.b6 Rb1 63.Rh8 Ra1+ 64.Kb8 Rb1
65.b7 Ra1 66.Rh7+ Kd8 67.Rh5 Kd7 68.Rd5+ Ke7 69.Kc7 Rc1+ 70.Kb6 Rb1+ 71.Kc6  1-0

[Event "Vrsac"]
[Site "Vrsac"]
[Date "1989.??.??"]
[Round "3"]
[White "Vasiukov, Evgeni"]
[Black "Kapelan, Milorad"]
[Result "1/2-1/2"]
[WhiteElo "2515"]
[BlackElo "2295"]

1.Nf3 d5 2.g3 Nf6 3.Bg2 Bf5 4.O-O h6 5.d3 e6 6.Nbd2 Be7 7.Qe1 O-O 8.e4 Bh7
9.Qe2 c5 10.Ne5 Nbd7 11.Nxd7 Qxd7 12.e5 Ne8 13.f4 Nc7 14.Nf3 Qb5 15.c4 Qd7
16.Rd1 Rfd8 17.Be3 b5  1/2-1/2